000 01696nam a2200337Ia 4500
003 OSt
005 20210906163412.0
008 210310s2003 ck ad fr 000 0 spa d
020 _a9586166848
040 _aCO-JMCR
_cCO-JMCR
041 0 _aspa
082 0 4 _a339.41 /
_bG643r
_223
100 1 _aGonzález Borrero, Jorge Iván,
_917446
_eautor
245 1 0 _aReflexiones en torno a la distribución del ingreso, el crecimiento y el gasto público /
_cJorge Iván González Borrero, Clara Ramírez Gómez, Alfredo Sarmiento Gómez
250 _aPrimera edición
260 _aBogotá :
_bUniversidad Externado de Colombia,
_c2003
300 _a113 páginas :
_bilustraciones y gráficas a blanco y negro ;
_c21 cm.
490 0 _aEstudios de caso en políticas públicas ;
_vN°.4
500 _aIncluye notas a pie de página.
504 _aBibliografía: página 103-[114]
505 0 _aDistribución del ingreso y crecimiento económico -- Kuznets y el crecimiento económico -- Indicadores básicos de pobreza -- Indicadores de desigualdad -- Convergencia -- Precios y distribución del ingreso -- Activos físicos, financieros y monetarios -- Movilidad educativa intergeneracional -- Gasto público social, subsidios e impuestos
650 1 4 _aGastos públicos
_917448
_zColombia
650 2 4 _aDistribución del ingreso
_zColombia
_939472
650 2 4 _aDesigualdad social
_zColombia
_940049
650 2 4 _aHacienda pública
_zColombia
_96814
650 2 4 _aAdministración financiera
_zColombia
_99618
651 4 _aColombia
_xAdministración pública
_99190
700 1 _aRamírez Gómez, Clara,
_eautora
_940050
700 1 _aSarmiento Gómez, Alfredo,
_eautor
_940051
942 _2ddc
_cBK
999 _c8498
_d8498